000 00285nmm a2200097Ia 4500
008 220120s9999||||xx |||||||||||||||||und||
082 _a621.3815 LUD
100 _aLudwig, Reinhold Bretchko, Pavel
_93057
245 0 _aRF circuit design: theory and applications
260 _bNew Delhi
_c2002
999 _c138893
_d138893